000 00432nam a22001457a 4500
008 131119b xxu||||| |||| 00| 0 eng d
020 _a0850521823
050 _aSPC DT1879.R68G58 1975
100 _aGlover, Michael
_93563
245 _aRorke's drift
_bA Victorian epic
260 _aLondon
_bLeo Cooper
_c1975
300 _axi; 145p.
_c22cm
650 _aSouth Africa 1879
_93564
_xRorke's Drift, Battle of
942 _2lcc
_cMONOGRAPH
999 _c118602
_d118602